<?xml version="1.0" encoding="UTF-8"?><?xml-stylesheet type="text/xsl" href="static/style.xsl"?><OAI-PMH xmlns="http://www.openarchives.org/OAI/2.0/" xmlns:xsi="http://www.w3.org/2001/XMLSchema-instance" xsi:schemaLocation="http://www.openarchives.org/OAI/2.0/ http://www.openarchives.org/OAI/2.0/OAI-PMH.xsd"><responseDate>2026-06-29T01:20:34Z</responseDate><request verb="GetRecord" identifier="oai:docta.ucm.es:20.500.14352/118891" metadataPrefix="marc">https://docta.ucm.es/rest/oai/request</request><GetRecord><record><header><identifier>oai:docta.ucm.es:20.500.14352/118891</identifier><datestamp>2025-05-23T17:44:49Z</datestamp><setSpec>com_20.500.14352_14</setSpec><setSpec>col_20.500.14352_15</setSpec></header><metadata><record xmlns="http://www.loc.gov/MARC21/slim" xmlns:dcterms="http://purl.org/dc/terms/" xmlns:xsi="http://www.w3.org/2001/XMLSchema-instance" xmlns:doc="http://www.lyncode.com/xoai" xsi:schemaLocation="http://www.loc.gov/MARC21/slim http://www.loc.gov/standards/marcxml/schema/MARC21slim.xsd">
   <leader>00925njm 22002777a 4500</leader>
   <datafield ind2=" " ind1=" " tag="042">
      <subfield code="a">dc</subfield>
   </datafield>
   <datafield ind2=" " ind1=" " tag="720">
      <subfield code="a">Heras Polo, Beatriz De Las</subfield>
      <subfield code="e">author</subfield>
   </datafield>
   <datafield ind2=" " ind1=" " tag="720">
      <subfield code="a">González Cofrade, Laura</subfield>
      <subfield code="e">author</subfield>
   </datafield>
   <datafield ind2=" " ind1=" " tag="720">
      <subfield code="a">Cuadrado Berrocal, Irene</subfield>
      <subfield code="e">author</subfield>
   </datafield>
   <datafield ind2=" " ind1=" " tag="720">
      <subfield code="a">Oramas-Royo, Sandra </subfield>
      <subfield code="e">author</subfield>
   </datafield>
   <datafield ind2=" " ind1=" " tag="720">
      <subfield code="a">Amesty, Angel </subfield>
      <subfield code="e">author</subfield>
   </datafield>
   <datafield ind2=" " ind1=" " tag="720">
      <subfield code="a">Hortelano, Sonsoles </subfield>
      <subfield code="e">author</subfield>
   </datafield>
   <datafield ind2=" " ind1=" " tag="720">
      <subfield code="a">Estevez-Braun, Ana </subfield>
      <subfield code="e">author</subfield>
   </datafield>
   <datafield ind2=" " ind1=" " tag="260">
      <subfield code="c">2020</subfield>
   </datafield>
   <datafield ind2=" " ind1=" " tag="520">
      <subfield code="a">The NLRP3 inflammasome plays a critical role in inflammation-mediated human diseases and represents a promising drug target for novel anti-inflammatory therapies. Hispanolone is a labdane diterpenoid isolated from the aerial parts of Ballota species. This diterpenoid and some derivatives have demonstrated anti-inflammatory effects in classical inflammatory pathways. In the present study, a series of dehydrohispanolone derivatives (1−19) was synthesized, and their anti-inflammatory activities toward NLRP3 inflammasome activation were evaluated. The structures of the dehydrohispanolone analogues produced were elucidated by NMR spectroscopy and mass spectrometry. Four derivatives significantly inhibited IL-1β secretion, with 15 and 18 being the most active (IC50 = 18.7 and 13.8 μM, respectively). Analysis of IL-1β and caspase-1 expression revealed that the new diterpenoids 15 and
18 are selective inhibitors of the NLRP3 inflammasome, reinforcing the previously demonstrated anti-inflammatory properties of
hispanolone derivatives</subfield>
   </datafield>
   <datafield ind1="8" ind2=" " tag="024">
      <subfield code="a">González-Cofrade L, Oramas-Royo S, Cuadrado I, Amesty Á, Hortelano S, Estevez-Braun A, et al. Dehydrohispanolone Derivatives Attenuate the Inflammatory Response through the Modulation of Inflammasome Activation. J Nat Prod 2020;83:2155–64. https://doi.org/10.1021/acs.jnatprod.0c00200.</subfield>
   </datafield>
   <datafield ind1="8" ind2=" " tag="024">
      <subfield code="a">10.1021/acs.jnatprod.0c00200</subfield>
   </datafield>
   <datafield ind1="8" ind2=" " tag="024">
      <subfield code="a">https://hdl.handle.net/20.500.14352/118891</subfield>
   </datafield>
   <datafield ind1="8" ind2=" " tag="024">
      <subfield code="a">https://doi.org/10.1021/acs.jnatprod.0c00200</subfield>
   </datafield>
   <datafield ind1="8" ind2=" " tag="024">
      <subfield code="a">https://pubs.acs.org/journal/jnprdf</subfield>
   </datafield>
   <datafield ind2="0" ind1="0" tag="245">
      <subfield code="a">Dehydrohispanolone derivatives attenuate the inflammatory response through the modulation of inflammasome activation</subfield>
   </datafield>
</record></metadata></record></GetRecord></OAI-PMH>